Zachovanie colnej únie medzi ČR a SR znamená test schopnosti dodržiavať medzinárodné dohody a princípy voľného obchodu

Bibliographic Details
Main Author: Švec, Peter, 1969- (Author)
Format: Article
Language:Slovak
Subjects:

MARC

LEADER 00000nab a2200000 a 4500
001 vtls000652833
003 SK-MaSNL
005 20260304204046.0
008 160324c1998 xo 0 slo
015 |a SNBRA1998/03-06395 
035 |a CLN000005027 
040 |a SNKBUCL  |b slo  |c SNKBUCL  |e AACR2 
041 0 |a slo 
044 |a xo  |c SK 
080 |a 339.543.622(437.6:437.1/.2)  |2 1997 
080 |a 336.41.075(437.6:437.1/.2)  |2 1997 
100 1 |a Švec, Peter,  |d 1969-  |4 aut  |9 40019 
245 1 0 |a Zachovanie colnej únie medzi ČR a SR znamená test schopnosti dodržiavať medzinárodné dohody a princípy voľného obchodu  |c Peter Švec 
650 0 7 |a colné únie  |2 snkbucl  |9 50002 
655 7 |a články zo zborníkov  |2 snkbucl  |9 166140 
773 0 |t Trend  |g Č. 13 (1998), s. 10A 
850 |a Slovenská národná knižnica v Martine 
852 |a SNK  |b KIS3GCP 
958 |a SK 
958 |a CZ 
999 |c 3114055  |d 3115985